Responses for Show #6601 - Monday, May 6, 2013

2013 College Championship quarterfinal game 1.

Contestants

[<< previous game]

Julia Sprangers, a junior at University of Wisconsin-Madison from Oshkosh, Wisconsin

Jed Silver, a senior at Tufts University from the Bronx, New York

Hannah Shoenhard, a junior at Scripps College originally from Tulsa, Oklahoma

[next game >>]

Jeopardy! Round responses

ROCKS & MINERALS
HOMOPHONES
CELEBS
POETRY
QUIRKY NEWS
CONSTITUTION USA WITH PETER SAGAL
    $200 1
coal

Julia
    $200 13
a pain/pane

Julia
    $200 2
the Giants

Hannah
    $200 4
"The Raven"

Julia
    $200 16
dogs

Hannah
    $200 26
Independence Hall

Julia
    $400 3
(Hannah: What is sandstone?)
(Julia: What is limestone?)

granite

HannahJedJulia
    $400 14
rose/rows

Julia
    $400 9
Justin Timberlake

Hannah
    $400 5
(Julia: What is "The Inferno"?)

"The Divine Comedy"

JedJulia
    $400 17
Donald Trump

Julia
    $400 27
an attorney

Julia
    $600 10
magnetite

Hannah
    $600 15
counsel/council

Jed
    $600 19
Seth MacFarlane

Julia
    $600 6
a sonnet

Triple Stumper
    $600 18
Australia

Julia
    $600 28
the 1st Amendment

Hannah
    $800 11
soapstone

Hannah
    $800 24
(Hannah: What is climate/climb it?)
[Hannah's response was originally ruled incorrect, but she was later credited with a correct response.]

clime/climb

Hannah
    $800 20
Kate Upton

Julia
    $800 7
"Leaves of Grass"

Julia
    $800 22
a fireplace

Julia
    $1,200 29
eminent domain

Hannah
    $1000 12
serpentine

Triple Stumper
    $1000 25
an islet/eyelet

Jed
    $1000 21
SEAL Team Six

Hannah
    $1000 8
"Piers the Plowman"

Triple Stumper
    $1000 23
the Emergency Alert System

Triple Stumper
    $1000 30
(Julia: What is Mississippi?)
(Jed: What is Alabama?)

Arkansas

HannahJedJulia

Scores at the first commercial break (after clue 15):

Hannah Jed Julia
$1,600 $1,400 $1,000

Scores at the end of the Jeopardy! Round:

Hannah Jed Julia
$6,400 $1,400 $3,800

Double Jeopardy! Round responses

EUROPEAN CITIES
MOVIE VILLAINS
I JUST "ATE"
THE OFFICE
THIS IS HUGE
THAT'S WHAT CHE SAID
    $400 2
Genoa

Jed
    $400 24
Darth Maul

Hannah
    $400 7
deliberate

Hannah
    $400 13
the water cooler

Julia
    $400 30
a piano

Jed
    $400 1
guerilla warfare

Hannah
    $800 3
Barcelona

Julia
    $800 25
Voldemort

Julia
    $800 8
to enunciate

Hannah
    $800 14
exorcism

Hannah
    $800 29
a giant

Julia
    $800 12
medicine

Julia
    $1200 4
Geneva

Hannah
    $1200 26
Django Unchained

Julia
    $1200 9
a mandate

Hannah
    $1200 18
Office of Management and Budget

Triple Stumper
    $1200 21
a Big Gulp

Jed
    $1200 15
by firing squad

Hannah
    $2,400 5
Munich

Hannah
    $1600 27
Gollum

Julia
    $1600 10
(Jed: What is palpitate?)

to ruminate

Jed
Triple Stumper
    $1600 19
cubicles

Hannah
    $3,000 22
Jumbotron

Jed
    $1600 16
revolution

Hannah
    $2000 6
Prague

Triple Stumper
    $2000 28
Fred Krueger

Jed
    $2000 11
eviscerate

Jed
    $2000 20
Flag Day

Jed
    $2000 23
the Verrazano-Narrows Bridge

Jed
    $2000 17
Fulgencio Batista

Jed

Scores at the end of the Double Jeopardy! Round:

Hannah Jed Julia
$18,400 $14,800 $10,200

Final Jeopardy! Round responses

STATE QUARTERS
JuliaWhat is Virginia Hawaii?
$6,200
JedWhat is Virginia
$5,601
HannahWhat is Hawai'i?
$8,000
Hawaii

Final scores:

Hannah Jed Julia
$26,400 $9,199 $16,400
Automatic semifinalist 3rd place: $5,000 2nd place: $5,000

Game dynamics:

Coryat scores:

Hannah Jed Julia
$17,200 $13,400 $10,200
21 R
(including 2 DDs),
1 W
13 R
(including 1 DD),
2 W
19 R,
3 W

Combined Coryat: $40,800

[game clues] [game scores] [suggest correction]

Game tape date: 2013-04-08
The J! Archive is created by fans, for fans. Scraping, republication, monetization, and malicious use prohibited; this site may use cookies and collect identifying information. See terms. The Jeopardy! game show and all elements thereof, including but not limited to copyright and trademark thereto, are the property of Jeopardy Productions, Inc. and are protected under law. This website is not affiliated with, sponsored by, or operated by Jeopardy Productions, Inc. Join the discussion at JBoard.tv.